Primi 15 paesi interessati da Covid-19 - 20 ottobre 2021 - Statistics

Statistiche generali
  • Questo quiz è stato fatto 10 volte
  • Il punteggio medio è 14 su 27
Statistiche sulle risposte
paese % Corretto
Francia
100%
Germania
100%
India
100%
Italia
100%
Messico
100%
Russia
100%
Spagna
100%
Stati Uniti
100%
Brasile
88%
Regno Unito
88%
Argentina
75%
Turchia
63%
Colombia
50%
Iran
38%
Paesi Bassi
38%
Slovenia
38%
Cechia
25%
Indonesia
25%
Israele
25%
Svezia
25%
Belgio
13%
Georgia
13%
Uruguay
13%
Bahrain
0%
Estonia
0%
Lituania
0%
Serbia
0%
Nessun quiz corrispondente trovato
Distribuzione punteggi
Percentuale di utenti per punteggio
Percentile per numero di risposta
I tuoi punteggi nel tempo
Non hai fatto questo quiz